|
|
|
|
| LEADER |
00000naa0a2200000 4500 |
| 001 |
595888 |
| 005 |
20250312104707.0 |
| 035 |
|
|
|a (RuTPU)RU\TPU\tpu\17770
|
| 035 |
|
|
|a RU\TPU\tpu\15568
|
| 090 |
|
|
|a 595888
|
| 100 |
|
|
|a 20100628d2007 k y0rusy50 ca
|
| 101 |
0 |
|
|a rus
|
| 102 |
|
|
|a BY
|
| 200 |
1 |
|
|a Современные тенденции развития учения о корах выветривания
|f С. Л. Шварцев
|
| 333 |
|
|
|a В фонде НТБ ТПУ отсутствует
|
| 463 |
|
|
|t Современные проблемы геохимии, геологии и поисков месторождений полезных ископаемых
|o материалы международной конференции, посвященной 100-летию академика К. Л. Лукашева, Минск
|v С. 4-6
|d 2007
|
| 610 |
1 |
|
|a труды учёных ТПУ
|
| 700 |
|
1 |
|a Шварцев
|b С. Л.
|c российский гидрогеолог, доктор геолого-минералогических наук
|c профессор Томского политехнического университета, академик РАЕН
|f 1936-
|g Степан Львович
|3 (RuTPU)RU\TPU\pers\25914
|4 070
|
| 801 |
|
1 |
|a RU
|b 63413507
|c 20090127
|g PSBO
|
| 801 |
|
2 |
|a RU
|b 63413507
|c 20110602
|g PSBO
|
| 942 |
|
|
|c BK
|